LDR 00805naa#a2200169#i#450# 001 RU\\bibl\121700 005 20260629220420.1 011 ## _a2073-0454 100 ## _a20260226b2026####ek#y0rusy0150####ca 102 ## _aRU 200 1# _aОтраслевое управление квалификациями: правовой анализ соотношения уровней квалификации и сложности работы _eЖурнальная статья 210 1# _aМосква _cМосковский университет МВД России имени В.Я. Кикотя _d2026 215 ## _a6 с. 608 ## _aЖурнальная статья _2local 675 ## _aАдминистративное право. 342.9 _z 700 #1 _aМышко _gФедор Георгиевич 856 4# _amosumvd.editorum.ru _u